Revolution, Resistance, and Reform in Village China : (Record no. 612450)

MARC details
000 -LEADER
fixed length control field 00539nam a2200193 a 4500
008 - FIXED-LENGTH DATA ELEMENTS--GENERAL INFORMATION
fixed length control field 260214s2005##################000#0#eng##
020 ## - INTERNATIONAL STANDARD BOOK NUMBER
ISBN 9780300108965
082 04 - DEWEY DECIMAL CLASSIFICATION NUMBER
Classification number 307.7209
Item number PIC
100 1# - MAIN ENTRY--AUTHOR NAME
Personal name Friedman, Professor Edward,
245 10 - TITLE STATEMENT
Title Revolution, Resistance, and Reform in Village China :
260 ## - PUBLICATION, DISTRIBUTION, ETC. (IMPRINT)
Name of publisher Yale University Press,
Year of publication 2005.
300 ## - PHYSICAL DESCRIPTION
Number of Pages 380 pages
650 #0 - SUBJECT ADDED ENTRY--TOPICAL TERM
Topical Term History.
942 ## - ADDED ENTRY ELEMENTS (KOHA)
Koha item type English Books
Holdings
Withdrawn status Lost status Damaged status Not for loan Home library Current library Shelving location Date acquired Full call number Accession Number Price effective from Koha item type
        Anna Centenary Library Anna Centenary Library 3RD FLOOR, B WING 14.02.2026 307.7209 PIC 124211 14.02.2026 English Books

Find us on the map